| 000 | 03542cam a2200433 i 4500 | ||
|---|---|---|---|
| 001 | 1953 | ||
| 003 | OCoLC | ||
| 005 | 20260413162019.0 | ||
| 008 | 260327t20262026oncacf e 000 0aeng d | ||
| 040 |
_aZJI _beng _erda _cZJI _dZJI _dL@L _dJCX _dIUK _dOCLCO _dCLE _dJAS _dOCLCO _dIMD _dYDX _dORX _dVPW |
||
| 020 |
_a9781335013279 _q(hardcover) : _c$32.50 |
||
| 020 |
_a133501327X _q(hardcover) |
||
| 035 | _a(OCoLC)1581837766 | ||
| 050 | 4 |
_aML420 .B7714 _bA3 2026 |
|
| 082 | 0 | 4 |
_a782.42164 _223/eng/20260403 |
| 092 |
_aBio _bBrandy |
||
| 049 | _aVPW1 | ||
| 100 | 0 |
_aBrandy, _d1979- _1https://id.oclc.org/worldcat/entity/E39PBJtcDgtcxXRQvcxkjxWhpP |
|
| 245 | 1 | 0 |
_aPhases : _ba memoir / _cBrandy with Gerrick Kennedy. |
| 264 | 1 |
_aToronto, Ontario : _bHanover Square Press, _c[2026] |
|
| 264 | 4 | _c©2026 | |
| 300 |
_axvii, 362 pages, 8 unnumbered pages of plates : _billustrations (chiefly color), portraits ; _c24 cm |
||
| 336 |
_atext _btxt _2rdacontent |
||
| 336 |
_astill image _bsti _2rdacontent |
||
| 337 |
_aunmediated _bn _2rdamedia |
||
| 338 |
_avolume _bnc _2rdacarrier |
||
| 520 |
_a"The iconic, multiplatinum, Grammy Award®-winning performer Brandy brings us a raw, intimate portrait of her life, charting her journey from Mississippi churches to Hollywood spotlights. From the moment she first sang at church in McComb, Mississippi, Brandy knew her voice was special. At fourteen she landed her first record deal. At fifteen her first album went platinum. At sixteen she was starring in the hit sitcom Moesha and became the first Black actress to play Cinderella on screen alongside fairy godmother, Whitney Houston. Yet as the accolades piled up, so too did the pressure to maintain a flawless image. To onlookers, she had crafted the blueprint for the teenage "it" girl. But behind closed doors "The Vocal Bible" as she was known, was struggling. In this piercing, revelatory memoir, Brandy shares: the inside stories behind her most iconic songs and albums, her star-studded connections with Whitney Houston and Diana Ross, the affirmation of friends and family, including her brother Ray J, that helped her through challenging times; and so much more. Delving into the humble roots of her decades-spanning career, her early struggles with bullies and insecurities as a high schooler, and finally her inspirational journey to reclaim her sense of self and her autonomy as a woman in Hollywood and in music, this memoir is an insightful meditation on Brandy's life and how she rose to become the woman she is today. Told through a series of breathtaking vignettes and never-before-seen family photographs in a full-color insert, Phases is a fearless and remarkable story of hope, resilience and the strength it takes to make peace with the past."-- _cProvided by publisher. |
||
| 600 | 0 | 0 |
_aBrandy, _d1979- |
| 650 | 0 |
_aAfrican American women singers _vBiography. |
|
| 650 | 0 |
_aAfrican American celebrities _vBiography. |
|
| 650 | 0 |
_aAfrican American women entertainers _vBiography. |
|
| 650 | 6 |
_aChanteuses noires américaines _0(CaQQLa)201-0288457 _vBiographies. _0(CaQQLa)201-0378258 |
|
| 650 | 6 |
_aCélébrités noires américaines _0(CaQQLa)000301772 _vBiographies. _0(CaQQLa)201-0378258 |
|
| 650 | 6 |
_aFemmes artistes du spectacle noires américaines _0(CaQQLa)201-0335400 _vBiographies. _0(CaQQLa)201-0378258 |
|
| 655 | 7 |
_aAutobiographies. _2lcgft |
|
| 655 | 7 |
_aAutobiographies. _2rvmgf _0(CaQQLa)RVMGF-000000520 |
|
| 700 | 1 |
_aKennedy, Gerrick, _eauthor. _1https://id.oclc.org/worldcat/entity/E39PCjFkHwyxbcDmBJmcgFP3V3 |
|
| 910 | _an26/4 cr | ||
| 999 |
_c1953 _d1953 |
||